Absteiger aus der 2. Bundesliga - Statistiken

Allgemein
  • Dieses Quiz wurde 69 mal gespielt
  • Das Durchschnittsergebnis liegt bei 118 aus 172
Antwortstatistiken
Hint Antwort % Korrekt
77 Süd 19 SSV Jahn Regensburg
96%
16 SSV Jahn Regensburg
96%
13 18 SSV Jahn Regensburg
96%
23 17 SSV Jahn Regensburg
96%
18 SSV Jahn Regensburg
96%
06 15 Dynamo Dresden
93%
14 17 Dynamo Dresden
93%
18 Dynamo Dresden
93%
00 15 SC Fortuna Köln
93%
87 17 Eintracht Braunschweig
91%
19 Eintracht Braunschweig
91%
03 15 Eintracht Braunschweig
91%
18 Eintracht Braunschweig
91%
18 17 Eintracht Braunschweig
91%
21 17 Eintracht Braunschweig
91%
16 1. FC Saarbrücken
88%
16 1. FC Saarbrücken
88%
29 Arminia Bielefeld
88%
18 Arminia Bielefeld
88%
84 17 Rot Weiss Essen
88%
20 Rot Weiss Essen
88%
17 Rot Weiss Essen
88%
17 Rot Weiss Essen
88%
07 15 Rot Weiss Essen
88%
20 Schwarz Weiss Essen
88%
20 SSV Ulm 1846
88%
19 SSV Ulm 1846
88%
16 SSV Ulm 1846
88%
25 17 SSV Ulm 1846
88%
19 17 1.FC Magdeburg
86%
17 1. FC Nürnberg
86%
19 Alemannia Aachen
86%
12 17 Alemannia Aachen
86%
17 FC Carl Zeiss Jena
86%
16 FC Carl Zeiss Jena
86%
18 FC Carl Zeiss Jena
86%
18 Hansa Rostock
86%
24 17 Hansa Rostock
86%
20 MSV Duisburg
86%
18 MSV Duisburg
86%
19 VfL Osnabrück
86%
20 VfL Osnabrück
86%
01 15 VfL Osnabrück
86%
18 VfL Osnabrück
86%
18 VfL Osnabrück
86%
79Nord 20 Wacker 04 Berlin
86%
09 17 FC Ingolstadt 04
84%
18 FC Ingolstadt 04
84%
19 FSV Frankfurt
84%
18 FSV Frankfurt
84%
16 17 FSV Frankfurt
84%
80Süd 19 MTV Ingolstadt
84%
20 SpVgg Unterhaching
84%
93 18 SpVgg Unterhaching
84%
02 15 SpVgg Unterhaching
84%
16 SpVgg Unterhaching
84%
18 Energie Cottbus
82%
85 17 FC. St. Pauli
82%
17 FC St. Pauli
82%
21 Fortuna Düsseldorf
82%
18 Fortuna Düsseldorf
82%
16 Hannover 96
82%
19 Kickers Offenbach
82%
16 Kickers Offenbach
82%
08 15 Kickers Offenbach
82%
18 Rot Weiss Erfurt
82%
18 SpVgg Fürth
82%
94 16 Stuttgarter Kickers
82%
17 Stuttgarter Kickers
82%
19 SV Arminia Hannover
82%
20 Wuppertaler SV
82%
18 Wuppertaler SV
82%
19 Freiburger FC
81%
18 Rot Weiss Oberhausen
81%
16 Rot Weiss Oberhausen
81%
11 17 Rot Weiss Oberhausen
81%
24 SV Darmstadt 98
81%
98 15 VfB Leipzig
81%
18 1. FC Kaiserslautern
79%
21 FV Würzburg 04
79%
17 Karlsruher SC
79%
18 Karlsruher SC
79%
17 SC Paderborn 07
79%
18 SC Paderborn 07
79%
18 SV Sandhausen
79%
97 15 SV Waldhof Mannheim
79%
18 SV Waldhof Mannheim
79%
19 Würzburger Kickers
79%
17 17 Würzburger Kickers
79%
18 Würzburger Kickers
79%
95 17 FC 08 Homburg
77%
22 VfB Oldenburg
77%
18 VfB Oldenburg
77%
96 15 Chemnitzer FC
75%
18 Chemnitzer FC
75%
16 VfB Lübeck
75%
04 15 VfB Lübeck
75%
20 VfR Mannheim
75%
19 1. FSV Mainz 05
74%
16 FC Erzgebirge Aue
74%
15 17 FC Erzgebirge Aue
74%
22 17 FC Erzgebirge Aue
74%
91 18 Preussen Münster
74%
16 KFC Uerdingen 05
72%
18 SG Wattenscheid 09
72%
17 SG Wattenscheid 09
72%
10 17 TuS Koblenz
72%
17 Union Berlin
72%
05 15 Eintracht Trier
70%
78 Süd 17 FC Bayern Hof
70%
17 FSV Zwickau
70%
20 SpVgg Bayreuth
70%
18 SpVgg Bayreuth
70%
18 SpVgg Bayreuth
70%
18 FC Augsburg
68%
83 17 FC Augsburg
68%
18 SV Wehen Wiesbaden
65%
20 17 SV Wehen Wiesbaden
65%
86 17 Hertha BSC
63%
19 KSV Hessen Kassel
61%
90 17 KSV Hessen Kassel
61%
18 VfR Aalen
61%
76Süd 18 1. FC Schweinfurt 05
58%
20 1. FC Schweinfurt 05
58%
17 1. FC Schweinfurt 05
58%
17 LR Ahlen
58%
18 Rot Weiss Ahlen
58%
18 Borussia Neunkirchen
56%
20 Borussia Neunkirchen
56%
20 SG Union Solingen
56%
19 VfL Wolfsburg
56%
77 Nord 20 VfL Wolfsburg
56%
18 Sportfreunde Siegen
51%
18 SV Meppen
49%
19 Tennis Borussia Berlin
49%
19 Tennis Borussia Berlin
49%
18 Tennis Borussia Berlin
49%
19 DJK Gütersloh
47%
99 15 FC Gütersloh
47%
18 SV Babelsberg 03
47%
19 Wormatia Worms
47%
82 18 Wormatia Worms
47%
20 SSV Reutlingen 05
46%
16 SSV Reutlingen 05
46%
18 Viktoria Aschaffenburg
44%
89 18 Viktoria Aschaffenburg
44%
20 FK Pirmasens
42%
17 Wacker Burghausen
39%
19 TSV Havelse
37%
88 18 BVL 08 Remscheid
35%
23 FC Remscheid
35%
79 Süd 17 FC Hanau 93
32%
19 OSC Bremerhaven
30%
80Nord 18 OSC Bremerhaven
30%
78 Nord 17 SC Herford
30%
20 SV Röchling Völklingen
26%
76 Nord 17 1. FC Mülheim
23%
75 Süd 17 VfR Heilbronn
23%
18 1. FC Bocholt
21%
20 Barmbek-Uhlenhorst
18%
20 FSV Salmrohr
18%
20 Spandauer SV
18%
19 KSV Baunatal
16%
75 Nord 17 Olympia Wilhelmshaven
16%
18 SC Charlottenburg
16%
18 VfR Bürstadt
16%
18 VfR Bürstadt
16%
18 SpVgg Erkenschwick
14%
20 TuS Schloss Neuhaus
14%
20 BSV 07 Schwenningen
12%
19 Eintracht Bad Kreuznach
5%
20 BV 08 Lüttringhausen
4%
Keine übereinstimmenden Quizze gefunden
Verteilung der Resultate
Anzahl Personen mit jedem Resultat
Perzentil nach korrekt beantworteten Fragen
Ihre Resultats-Entwicklung
Sie haben dieses Quiz noch nicht gespielt